<?xml version="1.0" encoding="UTF-8"?>
<record
    xmlns:xsi="http://www.w3.org/2001/XMLSchema-instance"
    xsi:schemaLocation="http://www.loc.gov/MARC21/slim http://www.loc.gov/standards/marcxml/schema/MARC21slim.xsd"
    xmlns="http://www.loc.gov/MARC21/slim">

  <leader>00574nam a22001697a 4500</leader>
  <datafield tag="999" ind1=" " ind2=" ">
    <subfield code="c">60698</subfield>
    <subfield code="d">60698</subfield>
  </datafield>
  <controlfield tag="005">20231010111729.0</controlfield>
  <controlfield tag="008">231010s1975    pl ||||| |||| 00| 0 pol d</controlfield>
  <datafield tag="041" ind1=" " ind2=" ">
    <subfield code="a">pol</subfield>
  </datafield>
  <datafield tag="080" ind1=" " ind2=" ">
    <subfield code="a">902/904 S-67</subfield>
  </datafield>
  <datafield tag="100" ind1=" " ind2=" ">
    <subfield code="a">Slabe,  Marijan</subfield>
    <subfield code="9">20049</subfield>
  </datafield>
  <datafield tag="245" ind1=" " ind2=" ">
    <subfield code="a">Dravlje :</subfield>
    <subfield code="b">grobi&#x161;&#x10D;e iz &#x10D;asov preseljevanja ljudstev /</subfield>
    <subfield code="c">Marijan Slabe.</subfield>
  </datafield>
  <datafield tag="264" ind1=" " ind2=" ">
    <subfield code="a">Ljubljana,</subfield>
    <subfield code="c">1975.</subfield>
  </datafield>
  <datafield tag="300" ind1=" " ind2=" ">
    <subfield code="a">157 p.:</subfield>
    <subfield code="b">ill.;</subfield>
    <subfield code="c">24 cm.</subfield>
  </datafield>
  <datafield tag="440" ind1=" " ind2=" ">
    <subfield code="a">Situla 16</subfield>
    <subfield code="9">20050</subfield>
  </datafield>
  <datafield tag="653" ind1=" " ind2=" ">
    <subfield code="a">&#x10D3;&#x10E0;&#x10D0;&#x10D5;&#x10DA;&#x10D8;&#x10D4;, &#x10E1;&#x10D0;&#x10DB;&#x10D0;&#x10E0;&#x10EE;&#x10D8; &#x10EE;&#x10D0;&#x10DA;&#x10EE;&#x10D7;&#x10D0; &#x10DB;&#x10D8;&#x10D2;&#x10E0;&#x10D0;&#x10EA;&#x10D8;&#x10D8;&#x10E1; &#x10D3;&#x10E0;&#x10DD;&#x10D8;&#x10D3;&#x10D0;&#x10DC;</subfield>
  </datafield>
  <datafield tag="942" ind1=" " ind2=" ">
    <subfield code="2">udc</subfield>
    <subfield code="c">BK</subfield>
  </datafield>
  <datafield tag="952" ind1=" " ind2=" ">
    <subfield code="0">0</subfield>
    <subfield code="1">0</subfield>
    <subfield code="2">udc</subfield>
    <subfield code="4">0</subfield>
    <subfield code="6">902904_S67</subfield>
    <subfield code="7">0</subfield>
    <subfield code="9">95978</subfield>
    <subfield code="a">CPL</subfield>
    <subfield code="b">CPL</subfield>
    <subfield code="c">GEN</subfield>
    <subfield code="d">2023-10-10</subfield>
    <subfield code="g">5.00</subfield>
    <subfield code="o">902/904 S-67</subfield>
    <subfield code="p">65298</subfield>
    <subfield code="r">2023-10-10</subfield>
    <subfield code="t">65298</subfield>
    <subfield code="u">&#x10D1;&#x10E1;&#x10E3;-&#x10E1; &#x10E1;&#x10D0;&#x10DE;&#x10D0;&#x10E2;&#x10D8;&#x10DD; &#x10D3;&#x10DD;&#x10E5;&#x10E2;&#x10DD;&#x10E0;&#x10D8;&#x10E1; &#x10D2;&#x10E3;&#x10E0;&#x10D0;&#x10DB; &#x10DA;&#x10DD;&#x10E0;&#x10D7;&#x10E5;&#x10D8;&#x10E4;&#x10D0;&#x10DC;&#x10D8;&#x10EB;&#x10D8;&#x10E1; &#x10E1;&#x10D0;&#x10E9;&#x10E3;&#x10E5;&#x10D0;&#x10E0;&#x10D8;</subfield>
    <subfield code="w">2023-10-10</subfield>
    <subfield code="y">BK</subfield>
    <subfield code="z">5 &#x10DA;.</subfield>
  </datafield>
</record>
